Muž s minulostí je těžké ho zabít, ješte nebezpečnější je ho nechat žít

Bibliographic Details
Other Authors: Lerner, Danny (Author of dialog), Genesse, Bryan (uci), Katesová, Kimberley (uci)
Format: Book
Language:Czech
PhysicalDescription:1 videokazeta (91 min.) stereo, fareb., VHS systém PAL 10x19 cm
Published: Bratislava Intersonic 1999
Subjects:

MARC

LEADER 00000nam a2200000 a 4500
001 vtls001361782
003 SK-MaSNL
005 20260301010711.0
008 130606s1999 xo 0 cze
015 |a SNBJ1999/01-00299 
035 |a SNK000315363 
040 |a SNK  |b slo  |c SNK  |e AACR2 
044 |a xo  |c SK 
080 |a 791.43(73)(086.8)  |2 1981 
240 1 0 |a Traitor's heart  |l Česky 
245 1 |a Muž s minulostí  |h videozáznam  |b je těžké ho zabít, ješte nebezpečnější je ho nechat žít  |c réžia Danny Lerner 
260 |a Bratislava  |b Intersonic  |c 1999 
300 |a 1 videokazeta (91 min.)  |b stereo, fareb., VHS systém PAL  |c 10x19 cm 
511 |a Hrajú: Bryan Genesse, Kimberley Katesová 
521 |a Mládeži do 15 r. nevhodné 
650 0 7 |a filmy akčné  |x videokazety  |2 SNK  |9 283651 
655 7 |a videokazety  |2 SNK  |9 70726 
700 1 |a Lerner, Danny  |4 aud  |9 292928 
700 1 |a Genesse, Bryan  |4 uci  |9 43879 
700 1 |a Katesová, Kimberley  |4 uci  |9 292929 
730 |t Traitor's heart  |9 292930 
999 |c 548862  |d 550792 
952 |t P60, <03>, [BOOK], {603}  |a SNK  |b SNK  |y PREZ  |7 0  |p 17A0191090  |o snkSVC 1125  |i snkJK 210/99  |0 0  |1 0  |4 0  |d 1999-04-27  |l 0  |r 2005-01-02 00:00:00  |w 2026-02-23